000 00267 a2200109 4500
001 64513
082 _a610.695 USA
090 _c38142
_d38142
100 _aUSAF
245 _aFlight Surgion's guide USAF School of Aerospace Medicine
_nVOL-II
260 _aUSA
_bUSAF
942 _aNUST-CAE
_k610.695 USA
999 _c299586
_d299586